000 00578nam a2200181Ia 4500
005 20250508160207.0
008 008 250505s9999 xx 000 0 eng d
037 _aBooks to be hide in OPAC
040 _aFEDL
_beng
_cFEDL
041 _aeng
_2eng
084 _a370.973, PHI/O
_qFEDL
245 0 _aCare of the health of boys in Girard college Philadelphia
245 0 _cUnited States Bureau of Education
260 _aWashington, USA
_bU.S. Government Printing Office
_c1914
300 _a163p.
942 _cHB
_h370.973, PHI/O
999 _c1362561
_d1362561